|
|
|
|
| LEADER |
00940nam a22002772a 4500 |
| 001 |
001666421 |
| 003 |
CZ BrMZK |
| 005 |
20190502064335.0 |
| 007 |
ta |
| 008 |
190129s1933 gw fr|||||||||||ger d |
| 040 |
|
|
|a BOA001
|b cze
|e aacr2
|
| 072 |
|
7 |
|a 576
|x Buněčná biologie. Cytologie
|2 Konspekt
|9 2
|
| 080 |
|
|
|a 576.385.4/.5
|2 MRF
|
| 080 |
|
|
|a (0.036.6)
|2 MRF
|
| 100 |
1 |
|
|a Pichler, Karl
|4 aut
|
| 245 |
1 |
0 |
|a Beiträge zum Wachstumsmechanismus experimenteller Teratome /
|c K. Pichlar
|
| 260 |
|
|
|a Berlin :
|b Julius Springer,
|c 1933
|
| 300 |
|
|
|a s. 193-202
|
| 504 |
|
|
|a Obsahuje bibliografii
|
| 650 |
0 |
7 |
|a nádorový růst
|7 ph163062
|2 czenas
|
| 655 |
|
7 |
|a separáty
|7 fd131867
|2 czenas
|
| 772 |
0 |
8 |
|i Separát ze seriálu:
|t Zeitschrift für Krebsforschung,
|g Bd. 40., Hft. 2.
|
| 910 |
|
|
|a BOA001
|b X-0414.451
|
| 990 |
|
|
|a BK
|
| 991 |
|
|
|b 201901
|
| 996 |
7 |
|
|b 2618970519
|c X-0414.451
|l MZK
|r Sklad / do 24 hodin
|n 0
|w 001705681
|u 000010
|a 1
|e BOA001
|j MZK50
|s A
|